000 00587nam a2200229Ia 4500
003 OSt
005 20220924141502.0
006 a|||||r|||| 00| 0
007 ta
008 220923b |||||||| |||| 00| 0 ben d
024 _a298371
037 _cTextual
040 _aARTS
_cARTS
_bben
041 _2ben
_aben
082 _aO157:gN1, K4
100 _aMukhopadhyay S.
_9209529
245 0 _aAadhunik Bangla sahitayar dibpraher
260 _c1964
650 _aBENGALI LITERATURE
942 _hO157:gN1, K4
_cTEXL
_2CC
999 _c447395
_d447395